00270nam a2200121Ia 4500008004100000100002400041245001400065260002600079300000900105650001000114942000700124999001700131190216s9999||||xx |||||||||||||| ||und|| aKottayam Pushpanath 0aThandavam bPoorna Pubs Kozhikode a226p aNovel cBK c27556d27556